Service marketing / (Record no. 344582)

000 -LEADER
fixed length control field 01055 a2200217 4500
020 ## - INTERNATIONAL STANDARD BOOK NUMBER
International Standard Book Number 0673991458
020 ## - INTERNATIONAL STANDARD BOOK NUMBER
International Standard Book Number 9780673991454
082 04 - DEWEY DECIMAL CLASSIFICATION NUMBER
Classification number 658.8
090 ## - LOCALLY ASSIGNED LC-TYPE CALL NUMBER (OCLC); LOCAL CALL NUMBER (RLIN)
-- 2079
-- 2079
100 1# - MAIN ENTRY--PERSONAL NAME
Personal name Rust, Roland T.
245 10 - TITLE STATEMENT
Title Service marketing /
Statement of responsibility, etc. Roland T. Rust.
260 ## - PUBLICATION, DISTRIBUTION, ETC.
Place of publication, distribution, etc. [S.l.] :
Name of publisher, distributor, etc. Harpercollins,
Date of publication, distribution, etc. 1996.
300 ## - PHYSICAL DESCRIPTION
Extent 508 p. ;
Dimensions 25 cm.
500 ## - GENERAL NOTE
General note Hardcover.
520 ## - SUMMARY, ETC.
Summary, etc. Brings customer satisfaction and service quality to the forefront as central concepts that are vital to any organization's success, through a multifunctional perspective. Written to provide professors the greatest flexibility in preparing their courses. Instructors will appreciate the comprehensive Instructor's Manual that includes detailed teaching notes for all of the cases.
700 1# - ADDED ENTRY--PERSONAL NAME
Personal name Zahorik, Anthony J.
700 1# - ADDED ENTRY--PERSONAL NAME
Personal name Keiningham, Timothy L.
856 40 - ELECTRONIC LOCATION AND ACCESS
Materials specified Amazon.com
Uniform Resource Identifier <a href="http://www.amazon.com/exec/obidos/ASIN/0673991458/chopaconline-20">http://www.amazon.com/exec/obidos/ASIN/0673991458/chopaconline-20</a>
856 40 - ELECTRONIC LOCATION AND ACCESS
Materials specified Amazon customer reviews
Uniform Resource Identifier <a href="http://www.chopac.org/cgi-bin/tools/azrev.pl?q=0673991458">http://www.chopac.org/cgi-bin/tools/azrev.pl?q=0673991458</a>
942 ## - ADDED ENTRY ELEMENTS (KOHA)
Institution code [OBSOLETE] NBS
Koha item type Book
Call number prefix 658.8 RUS
Holdings
Withdrawn status Lost status Damaged status Not for loan Permanent Location Current Location Date acquired Total Checkouts Full call number Barcode Date last seen Price effective from Koha item type
        Central Library (CL) Central Library (CL) 08/28/2013   658.8 RUS NBS3765 08/28/2013 08/28/2013 Book
© 2023 Central Library, National University of Sciences and Technology. All Rights Reserved.